书目信息 |
| 题名: |
马丁·伊登
|
|
| 作者: | 伦敦, 著 ;吴劳 译 | |
| 分册: | ||
| 出版信息: | 上海 上海译文出版社 2006.08 |
|
| 页数: | 314, 84页 | |
| 开本: | 21cm | |
| 丛书名: | 译文名著文库 | |
| 单 册: | ||
| 中图分类: | I712.44 | |
| 科图分类: | ||
| 主题词: | 长篇小说--chang pian xiao shuo--美国--近代 | |
| 电子资源: | ||
| ISBN: | 7-5327-3995-3 | |
| 000 | 01048nam 2200265 450 | |
| 001 | 012006414816 | |
| 005 | 20061128110323.67 | |
| 010 | @a7-5327-3995-3@dCNY13.00 | |
| 100 | @a20061027d2006 km y0chiy0120 ea | |
| 101 | 1 | @achi@ceng |
| 102 | @aCN@b310000 | |
| 105 | @ay z 000ay | |
| 200 | 1 | @a马丁·伊登@Ama ding·yi deng@d= Martin Eden@f(美) 杰克·伦敦 (Jack London) 著@F(mei)jie ke·lun dun(Jack London)zhu@g吴劳译@Gwu lao yi@zeng |
| 210 | @a上海@c上海译文出版社@d2006.08 | |
| 215 | @a314, 84页@d21cm | |
| 225 | 2 | @a译文名著文库@Ayi wen ming zhu wen ku@v020 |
| 330 | @a本书描写水手马丁·伊登爱上了上流社会的小姐罗丝,在爱情的鼓励下刻苦写作,经过艰苦奋斗终于成名,登上社会顶峰后却发现一切都是空虚的,精神上的痛苦难以忍受,终于结束了自己的生命。 | |
| 410 | 0 | @12001 @a译文名著文库 |
| 510 | 1 | @aMartin Eden@zeng |
| 606 | 0 | @a长篇小说@Achang pian xiao shuo@y美国@z近代 |
| 690 | @aI712.44@v4 | |
| 701 | 1 | @a伦敦,@Alun dun,@bJ.@g(London, J.)@4著 |
| 702 | 0 | @a吴劳@Awu lao@4译 |
| 801 | 0 | @aCN@c20061128 |
| 905 | @a10447@dI712.44@eL926 | |
| 马丁·伊登= Martin Eden/(美) 杰克·伦敦 (Jack London) 著/吴劳译.-上海:上海译文出版社,2006.08 |
| 314, 84页;21cm.-(译文名著文库;020) |
| ISBN 7-5327-3995-3:CNY13.00 |
| 本书描写水手马丁·伊登爱上了上流社会的小姐罗丝,在爱情的鼓励下刻苦写作,经过艰苦奋斗终于成名,登上社会顶峰后却发现一切都是空虚的,精神上的痛苦难以忍受,终于结束了自己的生命。 |
| ● |
| 相关链接 |
|
|
|
正题名:马丁·伊登
索取号:I712.44/L926
 
预约/预借
| 序号 | 登录号 | 条形码 | 馆藏地/架位号 | 状态 | 备注 |
| 1 | 223953 | 202239531 | 文学库116/116文学库 25排6列4层/ [索取号:I712.44/L926] | 在馆 | |
| 2 | 223954 | 202239540 | 社科二线400B/400B社科库 5排1列5层/ [索取号:I712.44/L926] | 在馆 | |
| 3 | 223955 | 202239559 | 文学库116/116文学库 25排6列4层/ [索取号:I712.44/L926] | 在馆 |